Welcome to the Holygrace Academy Library

Please use search bar below to get started

CHEMICAL CHAOS (Record no. 2887)

MARC details
000 -LEADER
fixed length control field 00377nam a22001577a 4500
020 ## - INTERNATIONAL STANDARD BOOK NUMBER
ISBN 0-590-19125-X
082 ## - DEWEY DECIMAL CLASSIFICATION NUMBER
Classification number 823
Item number ARN/C
100 ## - MAIN ENTRY--AUTHOR NAME
Personal name ARNOLD, NICK
245 ## - TITLE STATEMENT
Title CHEMICAL CHAOS
Remainder of title HORRIBLE SCIENCE
246 ## - VARYING FORM OF TITLE
Title proper/short title CHEMICAL CHAOS
Remainder of title HORRIBLE SCIENCE
260 ## - PUBLICATION, DISTRIBUTION, ETC. (IMPRINT)
Place of publication UK
Name of publisher SCHOLASTIC INC
Year of publication 1997
300 ## - PHYSICAL DESCRIPTION
Number of Pages 158
520 ## - SUMMARY, ETC.
Summary, etc SHORT-STORIES
650 ## - SUBJECT ADDED ENTRY--TOPICAL TERM
Topical Term SHORT-STORIES
942 ## - ADDED ENTRY ELEMENTS (KOHA)
Koha item type Books
Holdings
Withdrawn status Lost status Collection code Home library Current library Shelving location Date acquired Source of acquisition Full call number Accession Number Koha item type
    Fiction Main Library Main Library SHELF 4-C HORRIBLE HISTORIES 20/03/2014 Purchase 823 ARN/C 07991 Books